| 000 | 00780nam a2200253 i 4500 | ||
|---|---|---|---|
| 001 | bg | ||
| 100 | 1 | _aSTAŃDA, Jerzy | |
| 245 | 1 | 0 |
_aWoda do kotłów parowych i obiegów chłodzących siłowni cieplnych / _cJerzy Stańda. |
| 250 | _aWyd. 3 rozsz. | ||
| 260 |
_aWarszawa : _bWydawnictwa Naukowo-Techniczne, _c1999. |
||
| 300 |
_a243, [2] s. : _brys., wykr. ; _c21 cm. |
||
| 504 | _aBibliogr. s. [245]. | ||
| 650 | 9 |
_aKorozja i erozja _xzapobieganie |
|
| 650 | 9 |
_aKotłownie _xurządzenia _xochrona |
|
| 650 | 9 |
_aWoda _xtechnologia |
|
| 655 | _aPodręczniki akademickie | ||
| 020 | _a8320424666 | ||
| 040 | _cBPK | ||
| 041 | 0 | _apl | |
| 080 | _a628.1:621.4:621.1:620.193](075.8) | ||
| 920 | _a83-204-2466-6 | ||
| 942 | _cKS | ||
| 008 | s pl f |000 0 pol | ||
| 999 |
_c36110 _d36110 |
||
| 856 |
_uhttp://koha.tu.koszalin.pl/cgi-bin/koha/opac-detail.pl?biblionumber=36110 _yKatalog online BPK |
||